[Event "Titled Tue 10th Jun Early"]
[Site "chess.com INT"]
[Date "2025.06.10"]
[Round "6"]
[White "Bruhovich, Olexandr"]
[Black "Dwilewicz, Katarzyna"]
[Result "0-1"]
[WhiteTitle "CM"]
[BlackTitle "WFM"]
[WhiteElo "2208"]
[BlackElo "2198"]
[WhiteFideId "14119919"]
[BlackFideId "1148486"]
[EventDate "2025.06.10"]

1. e4 c5 2. c3 Nf6 3. e5 Nd5 4. Bc4 Nb6 5. Bb3 Nc6 6. Nf3 c4 7. Bc2 d6 8. exd6
Qxd6 9. O-O g6 10. h3 Bg7 11. d4 cxd3 12. Bxd3 O-O 13. Na3 Rd8 14. Be2 Bf5 15.
Be3 Nd5 16. Nc4 Qc7 17. Qb3 Nxe3 18. Nxe3 Be6 19. Qa4 h6 20. Rfd1 a6 21. Rac1 b5
22. Qc2 Rxd1+ 23. Rxd1 Rd8 24. Rxd8+ Qxd8 25. a4 Qb6 26. axb5 axb5 27. b3 Qc5
28. c4 b4 29. Qd3 Nd4 30. Nxd4 Bxd4 31. Bf3 Kg7 32. Kh2 Qe5+ 33. g3 h5 34. Kg2
h4 35. g4 Qf4 36. Nd5 Bxd5 37. Bxd5 Qxf2+ 0-1

[Event "Titled Tue 10th Jun Early"]
[Site "chess.com INT"]
[Date "2025.06.10"]
[Round "6"]
[White "Bodemar, Jonathan"]
[Black "Cordoba Roa, Angel Gabriel"]
[Result "0-1"]
[WhiteTitle "CM"]
[BlackTitle "FM"]
[WhiteElo "2150"]
[BlackElo "2396"]
[WhiteFideId "6205488"]
[BlackFideId "3957624"]
[EventDate "2025.06.10"]

1. e4 e5 2. Nf3 Nc6 3. Bc4 Nf6 4. Ng5 d5 5. exd5 b5 6. Bf1 Nxd5 7. Bxb5 Bb7 8.
Qf3 Qd7 9. Nc3 Nxc3 10. dxc3 f6 11. Ne4 a6 12. Ba4 O-O-O 13. O-O f5 14. Ng3 g6
15. Bg5 Be7 16. Rad1 Qe6 17. Bb3 Qxb3 18. axb3 Bxg5 19. Qe2 Rde8 20. b4 h5 21.
Rfe1 h4 22. Nf1 h3 23. g3 e4 24. b5 axb5 25. Qxb5 Ne5 26. Ne3 Nf3+ 27. Kh1 Nxe1
28. Rxe1 Rd8 29. Kg1 Bxe3 30. fxe3 Rd5 31. Qc4 Rhd8 32. Kf2 Kb8 33. g4 fxg4 34.
Kg3 Rf5 35. Rf1 Rf3+ 36. Rxf3 exf3 37. Qxg4 Rd2 38. Qxh3 Rg2+ 39. Kf4 f2 40.
Qh8+ Bc8 0-1

[Event "Titled Tue 10th Jun Early"]
[Site "chess.com INT"]
[Date "2025.06.10"]
[Round "6"]
[White "Matskevich, Varvara"]
[Black "Babayeva, Nasrin"]
[Result "0-1"]
[WhiteTitle "WFM"]
[BlackTitle "WFM"]
[WhiteElo "1911"]
[BlackElo "1936"]
[WhiteFideId "13523465"]
[BlackFideId "13416626"]
[EventDate "2025.06.10"]

1. e4 e5 2. Nf3 Nc6 3. Bb5 Nge7 4. c3 g6 5. O-O Bg7 6. d4 exd4 7. cxd4 d5 8. e5
O-O 9. Nc3 Bg4 10. Be3 f6 11. exf6 Bxf6 12. Be2 Nf5 13. Qb3 Bxf3 14. Bxf3 Nfxd4
15. Bxd5+ Kg7 16. Bxd4 Nxd4 17. Qc4 c6 18. Be4 Qb6 19. Rab1 Rae8 20. Kh1 Be5 21.
f3 Nf5 22. Bxf5 Rxf5 23. Ne4 Rh5 24. g3 Qc7 25. Rg1 Rf5 26. Qe2 Bd4 27. Rgd1 c5
28. b4 b6 29. Rbc1 Qf7 30. b5 Rxf3 31. Re1 Re3 32. Qg2 R8xe4 0-1

[Event "Titled Tue 10th Jun Early"]
[Site "chess.com INT"]
[Date "2025.06.10"]
[Round "6"]
[White "Leinov, Roman"]
[Black "Agarwal, Amaya"]
[Result "1-0"]
[WhiteTitle "CM"]
[BlackTitle "WCM"]
[WhiteElo "2120"]
[BlackElo "2004"]
[WhiteFideId "13504649"]
[BlackFideId "48733580"]
[EventDate "2025.06.10"]

1. Nf3 d5 2. g3 Nf6 3. Bg2 e6 4. O-O b5 5. d4 Be7 6. b3 O-O 7. c4 bxc4 8. bxc4
c6 9. Nc3 Ba6 10. c5 Nbd7 11. Qa4 Qc8 12. Bf4 Nh5 13. Bd6 Bxd6 14. cxd6 Nb6 15.
Qc2 Qd7 16. Na4 Qxd6 17. Nc5 Bc8 18. Ne5 Nf6 19. Rfd1 Nbd7 20. Ncxd7 Bxd7 21.
Rac1 Rfc8 22. Qc5 Qxc5 23. Rxc5 Be8 24. Rdc1 h6 25. Nxc6 Bxc6 26. Rxc6 Rxc6 27.
Rxc6 Rb8 28. Bf3 Kf8 29. Rc7 a5 30. Ra7 Rb5 31. Kg2 Rb3 32. axb3 1-0

[Event "Titled Tue 10th Jun Early"]
[Site "chess.com INT"]
[Date "2025.06.10"]
[Round "6"]
[White "Daspres, Loic"]
[Black "Van Baar, Esper"]
[Result "1-0"]
[WhiteTitle "CM"]
[BlackTitle "FM"]
[WhiteElo "2207"]
[BlackElo "2232"]
[WhiteFideId "20612281"]
[BlackFideId "1049321"]
[EventDate "2025.06.10"]

1. e4 e5 2. Nf3 Nc6 3. d4 exd4 4. Nxd4 Bc5 5. Nb3 Bb6 6. Nc3 Nf6 7. Bg5 h6 8.
Bh4 O-O 9. Qd2 Nxe4 10. Qf4 g5 11. Nxe4 gxf4 12. Bxd8 Rxd8 13. O-O-O d6 14. Rd2
Bf5 15. Nf6+ Kg7 16. Nd5 Re8 17. Bd3 Bxd3 18. Rxd3 Rac8 19. Rf1 Re2 20. Nxf4
Rxf2 21. Rxf2 Bxf2 22. Rf3 Bg1 23. Ne2 Re8 24. Kd2 Bxh2 25. g3 Ne5 26. Rf2 Ng4
27. Rg2 h5 28. Nbd4 Re3 29. Nf5+ 1-0

[Event "Titled Tue 10th Jun Early"]
[Site "chess.com INT"]
[Date "2025.06.10"]
[Round "6"]
[White "Barseghyan, Armen Ar."]
[Black "Parfenov, Viktor N."]
[Result "1-0"]
[WhiteTitle "IM"]
[BlackTitle "CM"]
[WhiteElo "2348"]
[BlackElo "2193"]
[WhiteFideId "13306707"]
[BlackFideId "4165969"]
[EventDate "2025.06.10"]

1. Nf3 Nf6 2. g3 d5 3. Bg2 g6 4. O-O Bg7 5. d4 O-O 6. c4 c6 7. cxd5 cxd5 8. Nc3
Ne4 9. Bf4 Nxc3 10. bxc3 Nc6 11. Nd2 e5 12. dxe5 Nxe5 13. Qb3 d4 14. cxd4 Qxd4
15. Rad1 Qb6 16. Rb1 Be6 17. Qxb6 axb6 18. Rxb6 Rxa2 19. Rxb7 Nc4 20. Nxc4 Bxc4
21. Re1 Rxe2 22. Rxe2 Bxe2 23. Bd5 Rc8 24. Bxf7+ Kh8 25. Be6 Rd8 26. Kg2 h5 27.
Bg5 Ra8 28. h4 Bd3 29. Bd5 Re8 30. Rc7 Be4+ 31. Bxe4 Rxe4 32. f3 Re6 33. Kh3 Kg8
34. g4 hxg4+ 35. Kxg4 Ra6 36. h5 gxh5+ 37. Kxh5 Re6 38. f4 Ra6 39. f5 Ra5 40.
Kg6 Ra6+ 41. f6 Bf8 42. Rc8 Ra7 43. Bh6 Rf7 44. Re8 1-0

[Event "Titled Tue 10th Jun Early"]
[Site "chess.com INT"]
[Date "2025.06.10"]
[Round "6"]
[White "Kornienko, Konstantin"]
[Black "Kourkoulos-Arditis, Stamatis"]
[Result "0-1"]
[WhiteTitle "CM"]
[BlackTitle "GM"]
[WhiteElo "2141"]
[BlackElo "2580"]
[WhiteFideId "34400419"]
[BlackFideId "4221990"]
[EventDate "2025.06.10"]

1. d4 c5 2. dxc5 Na6 3. Be3 Nf6 4. a3 Ng4 5. Bf4 Nxc5 6. Nc3 d6 7. e3 g6 8. Nf3
Bg7 9. Bc4 O-O 10. O-O a6 11. Rb1 Nf6 12. h3 b5 13. Ba2 Bb7 14. b4 Nce4 15. Ne2
a5 16. Bb3 Rc8 17. Qd3 axb4 18. axb4 e5 19. Bh2 Qb6 20. Rfd1 Rfd8 21. Ra1 Bc6
22. Ra5 Qb7 23. Rda1 Nxf2 24. Kxf2 e4 25. Qd1 exf3 26. gxf3 Bxf3 27. Ra7 Ne4+
28. Kxf3 Ng5+ 29. Kf2 Qf3+ 30. Ke1 Qg2 31. Rxf7 Nxf7 32. Ra7 Qxh2 33. Rxf7 Kh8
34. Qd5 Re8 35. Qb7 Qe5 36. Kd1 Qxe3 37. Rxg7 Qxe2+ 38. Kc1 Qe1+ 39. Kb2 Qc3+
40. Kb1 Re1+ 0-1

[Event "Titled Tue 10th Jun Early"]
[Site "chess.com INT"]
[Date "2025.06.10"]
[Round "6"]
[White "Todorovic, Bojan"]
[Black "Miranda Samudio, Adrian Jafeth"]
[Result "0-1"]
[WhiteTitle "FM"]
[BlackTitle "CM"]
[WhiteElo "2111"]
[BlackElo "1902"]
[WhiteFideId "917087"]
[BlackFideId "6611044"]
[EventDate "2025.06.10"]

1. d4 Nf6 2. c4 e6 3. Nc3 Bb4 4. e3 Bxc3+ 5. bxc3 d6 6. Bd3 Nc6 7. e4 b6 8. Ne2
Bb7 9. O-O Qe7 10. f4 O-O-O 11. e5 Nd7 12. Qc2 f6 13. exd6 Qxd6 14. a4 Na5 15.
Ba3 Qc6 16. d5 exd5 17. Nd4 dxc4 18. Nxc6 cxd3 19. Ne7+ Kb8 20. Qxd3 Nc5 21. Qg3
Ne4 22. Qxg7 Rhe8 23. Rad1 Nc4 24. Bc1 Nxc3 25. Rd2 Nxd2 26. Bxd2 Rxd2 27. Rf2
Rxf2 28. Kxf2 Rd8 29. Ke3 a5 30. Qxf6 Nxa4 31. Nc6+ Bxc6 32. Qe7 Re8 0-1

[Event "Titled Tue 10th Jun Early"]
[Site "chess.com INT"]
[Date "2025.06.10"]
[Round "6"]
[White "Perry, Patrick"]
[Black "Nouali, Mohamed"]
[Result "0-1"]
[BlackTitle "FM"]
[WhiteElo "2296"]
[BlackElo "2160"]
[WhiteFideId "30917727"]
[BlackFideId "5502462"]
[EventDate "2025.06.10"]

1. e4 c5 2. d4 cxd4 3. Nf3 Nc6 4. Nxd4 g6 5. Nxc6 bxc6 6. Qd4 Nf6 7. e5 Nd5 8.
e6 f6 9. exd7+ Qxd7 10. Bc4 e5 11. Qd1 Bg7 12. O-O O-O 13. Nc3 Rd8 14. Ne4 f5
15. Nc5 Qe7 16. Nb3 Be6 17. Qe2 a5 18. a4 Rab8 19. Nxa5 Qc5 20. Nb3 Qb4 21. Bd2
Qf8 22. Na5 Rdc8 23. c3 Rxb2 24. Qd1 e4 25. Qc1 Rbb8 26. Rb1 Qc5 27. Bxd5 cxd5
28. Nb3 Qc4 29. Qa3 Bf8 30. Qa2 d4 31. cxd4 Rxb3 32. Rbc1 Qa6 33. d5 Bxd5 34.
Rxc8 Qxc8 35. Rc1 Qe6 36. Qc2 Ba3 37. Rd1 Rd3 38. a5 Bb3 0-1

[Event "Titled Tue 10th Jun Early"]
[Site "chess.com INT"]
[Date "2025.06.10"]
[Round "6"]
[White "Vakhlamov, Igor L."]
[Black "Khumalo, Keith"]
[Result "1-0"]
[WhiteTitle "FM"]
[BlackTitle "CM"]
[WhiteElo "2413"]
[BlackElo "2171"]
[WhiteFideId "24126748"]
[BlackFideId "14319470"]
[EventDate "2025.06.10"]

1. e4 c5 2. Nf3 Nc6 3. Nc3 g6 4. d4 cxd4 5. Nxd4 Bg7 6. Nxc6 bxc6 7. Bc4 Rb8 8.
O-O d6 9. Re1 Qc7 10. Bb3 Nf6 11. Bf4 Nd7 12. Qd2 O-O 13. Bh6 a5 14. Rad1 Bxh6
15. Qxh6 Nc5 16. Rd4 e5 17. Rd2 a4 18. Nxa4 Nxa4 19. Bxa4 Rxb2 20. Red1 Bg4 21.
Ra1 Be6 22. Bb3 Ra8 23. Rad1 Bxb3 24. axb3 d5 25. exd5 cxd5 26. Rxd5 Rxc2 27.
Qe3 Re8 28. h3 Qc3 29. R5d3 Qb2 30. h4 Re2 31. Qg3 h5 32. Rd7 Qc2 33. Qf3 Rf8
34. Qf6 Qe4 35. Rxf7 Re1+ 36. Kh2 Qf4+ 37. Qxf4 exf4 38. Rxf8+ Kxf8 39. Rxe1 1-0

[Event "Titled Tue 10th Jun Early"]
[Site "chess.com INT"]
[Date "2025.06.10"]
[Round "6"]
[White "Ohanyan, Emin"]
[Black "Alizadeh, Mohammad Mahdi"]
[Result "1-0"]
[WhiteTitle "GM"]
[BlackTitle "CM"]
[WhiteElo "2491"]
[BlackElo "2039"]
[WhiteFideId "13312022"]
[BlackFideId "22598820"]
[EventDate "2025.06.10"]

1. e4 e5 2. Nf3 Nc6 3. Bc4 Bc5 4. c3 Nf6 5. d4 exd4 6. e5 d5 7. Bb5 Ne4 8. cxd4
Bb6 9. Nc3 O-O 10. Be3 f5 11. exf6 Rxf6 12. h3 Nxc3 13. bxc3 Qd6 14. O-O Bd7 15.
a4 a6 16. Bxc6 Bxc6 17. Ne5 Ba5 18. Qb3 Rb8 19. f4 Bd7 20. g4 h5 21. f5 c5 22.
Bf4 Re8 23. Qxb7 Bc8 24. Qb2 cxd4 25. cxd4 Qb4 26. Qxb4 Bxb4 27. Rac1 Rb6 28.
Ng6 Rxg6 29. fxg6 hxg4 30. hxg4 Bxg4 31. Be5 Bh5 32. Rf7 Bf8 33. Rcc7 Rd8 34.
Rxg7+ Bxg7 35. Rxg7+ Kf8 36. Rh7 Bxg6 37. Rh8+ Ke7 38. Bf6+ Kxf6 39. Rxd8 Bc2
40. a5 1-0

[Event "Titled Tue 10th Jun Early"]
[Site "chess.com INT"]
[Date "2025.06.10"]
[Round "6"]
[White "Liu, Xiangyi"]
[Black "Levitan, Caleb Levi"]
[Result "1-0"]
[WhiteTitle "IM"]
[BlackTitle "FM"]
[WhiteElo "2370"]
[BlackElo "2399"]
[WhiteFideId "8605718"]
[BlackFideId "14332620"]
[EventDate "2025.06.10"]

1. e4 c5 2. Nf3 e6 3. Qe2 Nc6 4. g3 g6 5. Bg2 Bg7 6. O-O Nge7 7. d3 O-O 8. Re1
d5 9. Nbd2 b6 10. h4 Ba6 11. e5 Nb4 12. Nf1 c4 13. Qd2 Nbc6 14. d4 c3 15. Qxc3
Rc8 16. Qd2 Na5 17. b3 Qc7 18. Ba3 Rfe8 19. Rac1 h5 20. Ne3 Bh6 21. Ng5 Nec6 22.
Kh1 Qd8 23. f4 Ne7 24. g4 hxg4 25. Nxg4 Bg7 26. Re3 Nf5 27. Rh3 Nc6 28. c3 b5
29. Bc5 Nb8 30. Bf1 Nd7 31. b4 Nb6 32. Bd3 Nc4 33. Qh2 Bb7 34. Kg1 Nfe3 35. Nxe3
Nxe3 36. Rxe3 1-0

[Event "Titled Tue 10th Jun Early"]
[Site "chess.com INT"]
[Date "2025.06.10"]
[Round "6"]
[White "Garcia Correa, Jose Ricardo"]
[Black "Loya Ibarra, Rigoberto"]
[Result "1-0"]
[WhiteTitle "FM"]
[WhiteElo "2103"]
[BlackElo "2069"]
[WhiteFideId "5101832"]
[BlackFideId "5110688"]
[EventDate "2025.06.10"]

1. e4 c6 2. d4 d5 3. Nc3 dxe4 4. Nxe4 Nf6 5. Ng5 Bf5 6. Bc4 e6 7. N1f3 Bd6 8.
Qe2 O-O 9. Bd3 h6 10. Ne4 Nxe4 11. Bxe4 Bxe4 12. Qxe4 Nd7 13. O-O Nf6 14. Qe2
Re8 15. b3 c5 16. dxc5 Bxc5 17. Bb2 Be7 18. c4 Qa5 19. Rfd1 Red8 20. a4 Qb6 21.
Qc2 Rxd1+ 22. Rxd1 Rd8 23. Rxd8+ Bxd8 24. g3 Be7 25. Bd4 Bc5 26. Bxc5 Qxc5 27.
Qd3 Ng4 28. Qd2 Qb6 29. Qc2 Qc6 30. Nd4 Qb6 31. Qe4 h5 32. h3 Nf6 33. Qd3 e5 34.
Nb5 e4 35. Qd6 Qxd6 36. Nxd6 b6 37. Kf1 Kf8 38. Ke2 1-0

[Event "Titled Tue 10th Jun Early"]
[Site "chess.com INT"]
[Date "2025.06.10"]
[Round "6"]
[White "Khalafvand, Dorsa Sadat"]
[Black "Lopez Abreu, Michel Samuel"]
[Result "1-0"]
[WhiteTitle "WCM"]
[BlackTitle "FM"]
[WhiteElo "1985"]
[BlackElo "2038"]
[WhiteFideId "36767522"]
[BlackFideId "3927903"]
[EventDate "2025.06.10"]

1. c4 Nf6 2. Nc3 g6 3. d4 Bg7 4. e4 d6 5. Nf3 O-O 6. Be2 Re8 7. O-O b6 8. Be3
Bb7 9. Qc2 c5 10. Rfd1 cxd4 11. Nxd4 Nbd7 12. Nd5 Nxd5 13. exd5 Rc8 14. Bg4 Qc7
15. Nb5 Qd8 16. Nxa7 Ra8 17. Nb5 Ne5 18. Be2 Ba6 19. Nd4 Rc8 20. b3 Qc7 21. Rac1
Nd7 22. Bg4 Ra8 23. b4 Ne5 24. Be2 Rac8 25. b5 Bb7 26. Nc6 Nd7 27. Bg4 f5 28.
Be2 Ne5 29. Bg5 e6 30. Be3 Ra8 31. Qb1 Nd7 32. dxe6 Rxe6 33. c5 Nxc5 34. Bc4 Qf7
35. Bxc5 dxc5 36. Qb3 Rae8 37. Nd8 1-0

[Event "Titled Tue 10th Jun Early"]
[Site "chess.com INT"]
[Date "2025.06.10"]
[Round "6"]
[White "Saiz Rodriguez, Daniel Evelio"]
[Black "Mohylnyi, Stepan"]
[Result "0-1"]
[WhiteTitle "FM"]
[BlackTitle "FM"]
[WhiteElo "2187"]
[BlackElo "2314"]
[WhiteFideId "3523420"]
[BlackFideId "34127836"]
[EventDate "2025.06.10"]

1. c4 c6 2. e4 d5 3. exd5 cxd5 4. d4 Nf6 5. Nc3 Nc6 6. Nf3 a6 7. cxd5 Nxd5 8.
Bc4 Be6 9. Bb3 Na5 10. O-O Nxb3 11. axb3 Bg4 12. h3 Bh5 13. g4 Bg6 14. b4 e6 15.
Ne5 Bd6 16. Qa4+ Kf8 17. Nxd5 exd5 18. Bf4 Bxe5 19. Bxe5 h5 20. Bg3 hxg4 21.
hxg4 Qg5 22. Qd7 Qh6 23. f3 Qe3+ 24. Kg2 Qxd4 25. Rae1 Qxb2+ 26. Rf2 Qf6 27.
Bd6+ Kg8 28. Kg3 Qh4+ 29. Kg2 Qh3+ 30. Kg1 Qh1# 0-1

[Event "Titled Tue 10th Jun Early"]
[Site "chess.com INT"]
[Date "2025.06.10"]
[Round "6"]
[White "Diao, Matthew Guo"]
[Black "Ilamparthi, A R"]
[Result "0-1"]
[WhiteTitle "CM"]
[BlackTitle "IM"]
[WhiteElo "2244"]
[BlackElo "2490"]
[WhiteFideId "30970547"]
[BlackFideId "45015775"]
[EventDate "2025.06.10"]

1. d4 c5 2. d5 e5 3. dxe6 fxe6 4. e4 Nc6 5. Nf3 Be7 6. Bb5 Nf6 7. Nc3 O-O 8. O-O
d5 9. exd5 exd5 10. Bxc6 bxc6 11. h3 Bd6 12. Bg5 Kh8 13. Qd3 a5 14. Rfe1 Ba6 15.
Qf5 Qc7 16. Bxf6 Rxf6 17. Qh5 g6 18. Qh6 Raf8 19. Rad1 Bf4 20. Qh4 Qg7 21. Na4
g5 22. Qg4 Bc8 23. Qh5 Rh6 24. Qe8 g4 25. hxg4 Bxg4 26. Re7 Bxf3 27. Rxg7 Rxe8
28. Rf7 Bxd1 0-1

[Event "Titled Tue 10th Jun Early"]
[Site "chess.com INT"]
[Date "2025.06.10"]
[Round "6"]
[White "Dumanuly, Sultanbeibarys"]
[Black "Novikova, Marharyta"]
[Result "1-0"]
[WhiteTitle "FM"]
[BlackTitle "WCM"]
[WhiteElo "2212"]
[BlackElo "1974"]
[WhiteFideId "13731963"]
[BlackFideId "14109689"]
[EventDate "2025.06.10"]

1. e4 d5 2. exd5 Nf6 3. d4 Nxd5 4. c4 Nb6 5. Nf3 g6 6. Nc3 Bg7 7. Be3 O-O 8. Be2
Bg4 9. O-O Nc6 10. d5 Bxf3 11. Bxf3 Ne5 12. c5 Nxf3+ 13. Qxf3 Nc4 14. b3 Bxc3
15. bxc4 Bxa1 16. Rxa1 e5 17. Rb1 b6 18. c6 f5 19. Bd2 Qf6 20. Bc3 Rfe8 21. c5
bxc5 22. Rb7 Re7 23. Qe2 f4 24. Qc4 Kg7 25. Qxc5 Rae8 26. h3 f3 27. g3 Qf5 28.
Kh2 Rd8 29. d6 Rxd6 30. Rxc7 Qe6 31. Bxe5+ Kh6 32. Bf4+ Kg7 33. Qxd6 1-0

[Event "Titled Tue 10th Jun Early"]
[Site "chess.com INT"]
[Date "2025.06.10"]
[Round "6"]
[White "Khadour, Ismael"]
[Black "Estrada Nieto, Julian"]
[Result "1-0"]
[WhiteTitle "FM"]
[BlackTitle "IM"]
[WhiteElo "1992"]
[BlackElo "2181"]
[WhiteFideId "7601930"]
[BlackFideId "5101018"]
[EventDate "2025.06.10"]

1. e4 e5 2. Nf3 Nc6 3. Bb5 a6 4. Ba4 Nf6 5. O-O Be7 6. Bxc6 dxc6 7. Qe1 Nd7 8.
d4 exd4 9. Nxd4 O-O 10. Nc3 Ne5 11. Nb3 a5 12. f4 Ng6 13. Be3 a4 14. Rd1 Qe8 15.
Nd4 a3 16. b3 Bb4 17. Bd2 Bc5 18. Be3 Bg4 19. Rd3 Qe7 20. Qg3 Bd7 21. f5 Ne5 22.
f6 Qxf6 23. Rxf6 Nxd3 24. cxd3 Kh8 25. Rf1 Bb4 26. Nce2 c5 27. Nf5 Bxf5 28. exf5
Rfe8 29. f6 g6 30. Nf4 Bc3 31. Nd5 Be5 32. Qh3 c6 33. Qh6 Rg8 34. Rf3 g5 35. Ne7
g4 36. Nxg8 Rxg8 37. Rf5 Rg6 38. Qf8+ Rg8 39. Qxg8+ Kxg8 40. Rxe5 1-0

[Event "Titled Tue 10th Jun Early"]
[Site "chess.com INT"]
[Date "2025.06.10"]
[Round "6"]
[White "Bulgak, Damir"]
[Black "Asish Panda"]
[Result "1-0"]
[WhiteElo "2213"]
[BlackElo "1911"]
[WhiteFideId "13528882"]
[BlackFideId "45012458"]
[EventDate "2025.06.10"]

1. d4 d5 2. c4 e6 3. Nc3 Nf6 4. Nf3 Be7 5. Qc2 O-O 6. e4 dxe4 7. Nxe4 Nxe4 8.
Qxe4 c5 9. Bd3 f5 10. Qe2 cxd4 11. O-O Nc6 12. Rd1 Bf6 13. Bf4 Qa5 14. a3 e5 15.
b4 Qc7 16. b5 exf4 17. bxc6 bxc6 18. c5 Bd7 19. Qc2 g6 20. Nxd4 Rad8 21. Nf3
Bxa1 22. Rxa1 Be6 23. Re1 Bd5 24. Ng5 Rde8 25. Rxe8 Rxe8 26. h4 Qe7 27. Qa4 h6
28. Nh3 Qxh4 29. Kh2 Qg4 30. f3 Qg3+ 31. Kg1 Bxf3 32. Nxf4 Be4 33. Qc4+ Kf8 34.
Qd4 1-0

[Event "Titled Tue 10th Jun Early"]
[Site "chess.com INT"]
[Date "2025.06.10"]
[Round "6"]
[White "Schut, Han"]
[Black "Castillo Pena, Patricia Evarista"]
[Result "1-0"]
[WhiteTitle "CM"]
[BlackTitle "WFM"]
[WhiteElo "2088"]
[BlackElo "1909"]
[WhiteFideId "1005561"]
[BlackFideId "6412106"]
[EventDate "2025.06.10"]

1. e4 c5 2. Nf3 d6 3. d4 cxd4 4. Nxd4 Nf6 5. f3 a6 6. c4 e5 7. Nc2 Be6 8. Nc3
Nc6 9. Be3 Be7 10. Qd2 O-O 11. b3 Rc8 12. Rc1 Qc7 13. Be2 Qb8 14. O-O Rfd8 15.
Rfd1 b5 16. cxb5 axb5 17. Bxb5 d5 18. Bxc6 Rxc6 19. Nxd5 Bxd5 20. exd5 Nxd5 21.
Qf2 Nxe3 22. Nxe3 Rxd1+ 23. Rxd1 Bc5 24. Kh1 g6 25. Qd2 Qa7 26. Nc4 Bd4 27. a4
Rc8 28. h4 h5 29. f4 Kg7 30. fxe5 Bxe5 31. Nxe5 Qb7 32. Qd4 Kg8 33. Nd7 1-0

[Event "Titled Tue 10th Jun Early"]
[Site "chess.com INT"]
[Date "2025.06.10"]
[Round "6"]
[White "Reshetnikov, Alexey"]
[Black "Zeliantsova, Kseniya"]
[Result "0-1"]
[WhiteTitle "IM"]
[BlackTitle "WFM"]
[WhiteElo "2492"]
[BlackElo "2062"]
[WhiteFideId "4162080"]
[BlackFideId "13512617"]
[EventDate "2025.06.10"]

1. e4 d6 2. d4 Nf6 3. Nc3 g6 4. h3 Bg7 5. Be3 O-O 6. Nf3 Nc6 7. Be2 e5 8. dxe5
dxe5 9. Qxd8 Rxd8 10. Bc4 h6 11. O-O Be6 12. Bxe6 fxe6 13. Rfd1 a6 14. a3 Nh5
15. Ne2 g5 16. g3 Nf6 17. Nc3 g4 18. hxg4 Nxg4 19. Nh2 Nxh2 20. Kxh2 Nd4 21.
Rac1 Rd6 22. Kg2 Rad8 23. Rd2 Rb6 24. Nd1 Rbd6 25. Bxd4 exd4 26. f4 e5 27. Nf2
c5 28. b3 b5 29. c4 dxc3 30. Rxd6 Rxd6 31. Rxc3 exf4 32. Rxc5 fxg3 33. Kxg3 Bd4
34. Rc8+ Kg7 35. Ng4 h5 36. Rc7+ Kg6 37. Nf2 Be5+ 38. Kg2 Rd2 39. Kf3 Bxc7 0-1

[Event "Titled Tue 10th Jun Early"]
[Site "chess.com INT"]
[Date "2025.06.10"]
[Round "6"]
[White "Rosen, Eric"]
[Black "Smieszek, Wojciech"]
[Result "1-0"]
[WhiteTitle "IM"]
[BlackTitle "CM"]
[WhiteElo "2377"]
[BlackElo "2141"]
[WhiteFideId "2032562"]
[BlackFideId "1156047"]
[EventDate "2025.06.10"]

1. d4 Nf6 2. Bf4 c5 3. d5 e6 4. Nc3 exd5 5. Nxd5 Nxd5 6. Qxd5 Be7 7. O-O-O O-O
8. e4 Nc6 9. Bd6 Bxd6 10. Qxd6 Qa5 11. Bc4 b5 12. Bd5 Nb4 13. Bxa8 Nxa2+ 14. Kb1
Nb4 15. Bd5 c4 16. Ne2 Qa4 17. Nd4 Qa2+ 18. Kc1 Qa1+ 19. Kd2 Qxb2 20. Ke2 Nd3
21. Rb1 Qc3 22. Rhd1 Re8 23. cxd3 cxd3+ 24. Rxd3 b4 25. Rxc3 1-0

[Event "Titled Tue 10th Jun Early"]
[Site "chess.com INT"]
[Date "2025.06.10"]
[Round "6"]
[White "Genkeswaran, Genivan"]
[Black "Sethuraman, Roshan"]
[Result "0-1"]
[WhiteTitle "CM"]
[WhiteElo "2124"]
[BlackElo "2074"]
[WhiteFideId "5754496"]
[BlackFideId "30965250"]
[EventDate "2025.06.10"]

1. e4 c5 2. Nf3 d6 3. d4 cxd4 4. Nxd4 Nf6 5. Bd3 a6 6. c3 e5 7. Nf3 h6 8. O-O
Be6 9. c4 Be7 10. Nc3 Nbd7 11. Nd5 O-O 12. Be3 Bxd5 13. cxd5 Rc8 14. Nh4 Nxd5
15. exd5 Bxh4 16. Bf5 g6 17. Qg4 h5 18. Qf3 gxf5 19. Qxf5 Kg7 20. f4 e4 21. g4
Nf6 22. g5 Ng4 23. Bd4+ Kg8 24. h3 Rc4 25. Bc3 Ne3 26. Qf6 Qxf6 27. gxf6 Nxf1
28. Rxf1 Rxc3 29. bxc3 Bxf6 30. c4 e3 31. Kg2 Bc3 32. Kf3 Re8 33. Ke2 Bd2 34. f5
f6 35. Rg1+ Kf7 36. Rg6 Rg8 37. Rh6 Rg2+ 38. Kf3 e2 39. Kxg2 e1=Q 40. Rh7+ Kg8
41. Rxb7 Qe4+ 42. Kg1 Qd4+ 43. Kf1 Qxc4+ 44. Kg2 Qxd5+ 45. Kg1 Qxb7 0-1

[Event "Titled Tue 10th Jun Early"]
[Site "chess.com INT"]
[Date "2025.06.10"]
[Round "6"]
[White "Marynychenko, Yehor"]
[Black "Piesik, Piotr"]
[Result "0-1"]
[WhiteTitle "CM"]
[BlackTitle "IM"]
[WhiteElo "2183"]
[BlackElo "2436"]
[WhiteFideId "34160558"]
[BlackFideId "1136194"]
[EventDate "2025.06.10"]

1. e4 g6 2. d4 Bg7 3. Nf3 c6 4. Nc3 d6 5. Bd3 Nf6 6. e5 Nd5 7. Nxd5 cxd5 8. Bb5+
Nc6 9. O-O O-O 10. Bf4 Bg4 11. Bxc6 bxc6 12. exd6 exd6 13. c3 Re8 14. h3 Bxf3
15. Qxf3 Re4 16. Qg3 Qb6 17. b3 c5 18. Bxd6 cxd4 19. cxd4 Bxd4 20. Rad1 Rc8 21.
Kh1 Rc2 22. Bf4 Bxf2 23. Qf3 Qf6 24. Rxf2 Rxf2 25. Qxf2 Rxf4 26. Qxa7 d4 27.
Qb8+ Kg7 28. Kh2 Rf2 29. a4 h5 30. a5 h4 31. Rd3 Qc6 32. Qe5+ Kh7 0-1

[Event "Titled Tue 10th Jun Early"]
[Site "chess.com INT"]
[Date "2025.06.10"]
[Round "6"]
[White "Mkrtchyan, Mariam"]
[Black "Golsta, Madara"]
[Result "1-0"]
[WhiteTitle "WIM"]
[WhiteElo "2307"]
[BlackElo "2008"]
[WhiteFideId "13310828"]
[BlackFideId "11607386"]
[EventDate "2025.06.10"]

1. Nf3 d5 2. g3 g6 3. d4 Bg7 4. c4 c5 5. cxd5 cxd4 6. Bg2 Qxd5 7. O-O Nc6 8. e3
Bg4 9. h3 Bxf3 10. Bxf3 Qe6 11. exd4 Qxh3 12. d5 Ne5 13. Bg2 Qd7 14. Nc3 Nf6 15.
Bf4 Nc4 16. Qe2 Nd6 17. Bxd6 Qxd6 18. Nb5 Qd7 19. d6 O-O 20. dxe7 Rfe8 21. Rfe1
a6 22. Nc3 Rac8 23. Rad1 Qc7 24. Rd3 h5 25. Re3 b5 26. a3 Ng4 27. Nd5 Qc2 28.
Qxc2 Rxc2 29. R3e2 Rxe2 30. Rxe2 1-0